000 00834nam0a22002531 4500
001 rc\322284
005 20250621034759.0
010 _a5-256-00355-0
_915000
035 _a(NLR Aleph) 005556613
090 _a5866973
_c5866973
100 _a20030307d1989 |||y0rusy50 ca
101 0 _arus
102 _aRU
105 _aa |||||||||
200 1 _aРадиоприемные устройства
_e[Учеб. для электротехникумов связи спец. 2307]
210 _aМ.
_cРадио и связь
_d1989
215 _a279, [1] с.
_cил.
_d23
700 1 _aУваров
_bР.В.
_gРостислав Васильевич
701 1 _aХиленко
_bВ.И.
_gВасилий Иосифович
801 0 _aRU
_bNLR
_gpsbo
801 1 _aRU
_bELAR
_2rusmarc
852 _aNLR
_j89-5/4960
942 _cBOOK
980 _aNB